[Event "Nacional Masters POR 2017-18"]
[Site "Cascais"]
[Date "2018.08.11"]
[Round "1"]
[White "Padeiro, Jose Joao Tato"]
[Black "Dias, Paulo"]
[Result "1/2-1/2"]
[WhiteElo "2241"]
[BlackElo "2328"]
[Annotator "NA RC"]
[PlyCount "95"]
[EventDate "2018.08.11"]
[EventType "tourn"]
[EventCountry "POR"]
[SourceTitle "playchess.com"]
[Source "ChessBase"]
[SourceQuality "1"]
[TimeControl "5400+30"]

1. d4 {[%emt 0:00:00]} Nf6 {[%emt 0:00:44]} 2. c4 {[%emt 0:00:00]} d6 {[%emt 0:02:44]} 3. Nf3 {[%emt 0:01:45]} Nbd7 {[%emt 0:00:22]} 4. g3 {[%emt 0:03:17]} e5 {[%emt 0:02:30]} 5. Bg2 {[%emt 0:00:05]} Be7 {[%emt 0:00:31]} 6. Nc3 {[%emt 0:00:20]} O-O {[%emt 0:00:09]} 7. O-O {[%emt 0:00:05]} c6 {[%emt 0:02:35]} 8. e4 {[%emt 0:02:24]} a5 {[%emt 0:02:32]} 9. Qc2 {[%emt 0:05:38]} Re8 {[%emt 0:03:41]} 10. d5 {[%emt 0:03:39]} Nb6 {[%emt 0:10:35]} 11. b3 {[%emt 0:04:10]} a4 {[%emt 0:06:57]} 12. Ba3 {[%emt 0:05:49]} Bf8 {[%emt 0:03:08]} 13. Ne1 {[%emt 0:11:07]} g6 {[%emt 0:03:59]} 14. Nd3 {[%emt 0:00:57]} c5 {[%emt 0:03:20]} 15. Nd1 {[%emt 0:08:04]} h5 {[%emt 0:03:51]} 16. b4 {[%emt 0:13:49]} cxb4 {[%emt 0:04:28]} 17. Bxb4 {[%emt 0:00:06]} Qc7 {[%emt 0:00:57]} 18. Rc1 {[%emt 0:02:17]} Nbd7 {[%emt 0:04:32]} 19. c5 {[%emt 0:04:24]} dxc5 {[%emt 0:00:42]} 20. Nxc5 {[%emt 0:00:32]} Bxc5 {[%emt 0:14:33]} 21. Bxc5 {[%emt 0:00:11]} b6 {[%emt 0:00:23]} 22. Bb4 {[%emt 0:06:15]} Qxc2 {[%emt 0:00:20]} 23. Rxc2 {[%emt 0:00:01]} Ba6 {[%emt 0:00:45]} 24. Re1 {[%emt 0:00:06]} Rec8 {[%emt 0:01:12]} 25. Rxc8+ {[%emt 0:03:41]} Rxc8 {[%emt 0:00:09]} 26. Nc3 {[%emt 0:00:31]} a3 {[%emt 0:04:17]} 27. Nd1 {[%emt 0:05:32]} Rc2 {[%emt 0:01:10]} 28. Bxa3 {[%emt 0:00:09]} Rxa2 {[%emt 0:00:11]} 29. Be7 {[%emt 0:01:32]} Ra1 {[%emt 0:06:09]} 30. f3 {[%emt 0:02:36]} g5 {[%emt 0:00:06]} 31. Bf1 {[%emt 0:01:50]} g4 {[%emt 0:05:06]} 32. Bxa6 {[%emt 0:00:44]} Rxa6 {[%emt 0:00:02]} 33. fxg4 {[%emt 0:02:36]} hxg4 {[%emt 0:00:04]} 34. Nf2 {[%emt 0:00:29]} Ra4 {[%emt 0:00:22]} 35. Re2 {[%emt 0:01:29]} Kg7 {[%emt 0:00:18]} 36. Kg2 {[%emt 0:00:17]} Rd4 {[%emt 0:01:01]} 37. h3 {[%emt 0:01:21]} gxh3+ {[%emt 0:00:12]} 38. Kxh3 {[%emt 0:00:01]} Nc5 {[%emt 0:03:19]} 39. Bxc5 {[%emt 0:01:13]} bxc5 {[%emt 0:00:07]} 40. Kg2 {[%emt 0:00:06]} Ra4 {[%emt 0:02:03]} 41. Kf3 {[%emt 0:00:27]} c4 {[%emt 0:01:54]} 42. Rc2 {[%emt 0:00:55]} Ne8 {[%emt 0:01:47]} 43. Ng4 {[%emt 0:01:57]} Ra3+ {[%emt 0:01:19]} 44. Kg2 {[%emt 0:01:12]} Nd6 {[%emt 0:01:05]} 45. Nxe5 {[%emt 0:02:03]} Nxe4 {[%emt 0:00:59]} 46. Rxc4 {[%emt 0:00:53]} Rxg3+ {[%emt 0:00:44]} 47. Kh2 {[%emt 0:00:56]} Re3 {[%emt 0:00:03]} 48. Ng4 {[%emt 0:01:28]} 1/2-1/2

[Event "Nacional Masters POR 2017-18"]
[Site "Cascais"]
[Date "2018.08.11"]
[Round "1"]
[White "Santos, Antonio Pereira"]
[Black "Margarido, Jose Miguel Teixeir"]
[Result "0-1"]
[WhiteElo "2194"]
[BlackElo "2081"]
[Annotator "TA"]
[PlyCount "62"]
[EventDate "2018.08.11"]
[EventType "tourn"]
[EventCountry "POR"]
[SourceTitle "playchess.com"]
[Source "ChessBase"]
[SourceQuality "1"]

{[%evp 21,62,25,31,0,21,0,0,-155,-148,-151,-134,-135,-155,-228,-220,-226,-215,-365,-350,-527,-524,-510,-486,-1082,-1005,-992,-656,-638,-646,-633,-618,-1525,-1047,-1086,-1069,-5329,-5322,-5489,-5317,-29992,-29993,-29996,-404]} 1. d4 Nf6 2. c4 e6 3. Nf3 b6 4. a3 Ba6 5. Qc2 Bb7 6. Nc3 c5 7. e4 cxd4 8. Nxd4 Bc5 9. Nb3 Nc6 10. Nxc5 bxc5 11. Be3 {E12: Queen's Indian: Unusual White 4th moves, 4 a3, 4 Nc3 Bb7 5 a3 and 4 Nc3 Bb7} Qe7 {LiveBook: 4 Games} 12. Rd1 {Threatens to win with Nb5.} (12. Qd2 O-O 13. Be2 d6 14. O-O e5 15. Bd3 Nd4 16. Rab1 a5 17. b4 axb4 18. axb4 Nd7 {½-½ (66) Korobov,A (2698)-Efimenko,Z (2647) Yerevan 2015}) 12... d6 13. Nb5 $146 {The position is equal.} ({Predecessor:} 13. Be2 O-O 14. O-O Rfd8 15. Rd2 Rab8 16. Rb1 Ba8 17. h3 h6 18. b3 a6 {0-1 (52) Nordahl,H (2423)-Johannessen,L (2543) Sandnes 2005}) 13... Rd8 14. Rxd6 $2 (14. f3 $11) 14... Rxd6 $17 15. Bxc5 {[#]} Rd1+ $1 {[%mdl 512]} 16. Qxd1 Qxc5 17. Nd6+ (17. Qd6 $17 Qxd6 18. Nxd6+ Ke7 19. Nxb7) 17... Ke7 $19 18. Nxb7 {[#]} Qe5 $1 19. Be2 (19. f3 $142 Rb8 20. Qd6+ Qxd6 21. Nxd6) 19... Rb8 ({Less strong is} 19... Nxe4 20. O-O $15) 20. f4 (20. Nd6 $142 Qxd6 21. Qxd6+ Kxd6 22. b4) 20... Qxf4 21. Nc5 Rd8 22. Qb3 (22. Nd3 $142 Qh4+ 23. g3 Qxe4 24. O-O Qe3+ 25. Kh1) 22... Qc1+ 23. Kf2 Qxh1 24. Qb7+ Kf8 25. Qxc6 Qxh2 26. Bf3 Qf4 {( -> ...Ng4+)} 27. Kg1 g5 28. Nb7 Rd2 29. Qc5+ Kg7 30. e5 Ng4 31. Nd6 Qh2+ {Precision: White = 11%, Black = 74%.} 0-1

[Event "Nacional Masters POR 2017-18"]
[Site "Cascais"]
[Date "2018.08.11"]
[Round "1"]
[White "Fidalgo, Andre Neves"]
[Black "Martins, Bruno Andre Leite"]
[Result "1/2-1/2"]
[WhiteElo "2187"]
[BlackElo "2158"]
[Annotator "TA"]
[PlyCount "125"]
[EventDate "2018.08.11"]
[EventType "tourn"]
[EventCountry "POR"]
[SourceTitle "playchess.com"]
[Source "ChessBase"]
[SourceQuality "1"]

{[%evp 25,125,39,41,14,82,8,8,20,17,0,19,19,11,0,0,0,0,0,0,0,0,0,0,0,48,47,97,117,127,118,189,178,197,166,156,100,170,159,150,11,7,15,21,22,5,0,22,24,26,0,0,-6,-6,-6,-6,-61,-61,-61,-61,-395,-395,-395,-395,-395,-395,-395,-303,-694,-395,-1002,-918,-12658,-5414,-12658,-8345,-6428,-7329,-2042,-1964,-1731,-5422,-2311,-395,-395,-395,-475,-475,-475,0,0,0,0,0,0,0,0,0,0,0,0,0,0]} 1. d4 Nf6 2. Nf3 g6 3. g3 Bg7 4. Bg2 O-O 5. c4 d6 6. O-O Nbd7 7. Qc2 c6 8. Rd1 Qc7 9. b3 Re8 10. Nc3 e5 11. e4 a5 12. h3 {E68: King's Indian: Fianchetto: 6...Nbd7 7 0-0 e5 8 e4} (12. Ba3 Bf8 13. Qd2 exd4 14. Qxd4 a4 15. bxa4 Qa5 16. Rac1 Bg7 17. Qd2 Nc5 18. Ng5 h6 19. Qxd6 Ncd7 20. Nxf7 Bf8 {0-1 (35) Grigoryan,K (2473)-Ganguly,S (2631) Jakarta 2011}) 12... exd4 13. Nxd4 Nc5 {LiveBook: 3 Games} 14. Bf4 {White is slightly better.} Nfd7 (14... Nh5 $11 {keeps the balance.}) 15. Nde2 $146 ({Better is} 15. Be3 $16) ({Predecessor:} 15. Be3 Nb6 16. Rac1 a4 17. Ndb5 cxb5 18. Nxb5 Qe7 19. Nxd6 axb3 20. axb3 {0-1 (44) Bunzmann,D (2370)-Vajda,L (2445) Zagan 1997}) 15... Ne5 $1 $11 16. Be3 a4 17. Rab1 axb3 18. axb3 f5 19. Bxc5 dxc5 20. f4 Nf7 {[%cal Be5f7,Bf7d8,Bd8e6][%mdl 32]} 21. e5 Nd8 22. Rd3 Ne6 23. Rbd1 Bf8 24. Kh1 Be7 25. Nd5 cxd5 26. cxd5 Qb6 27. d6 ({Don't do} 27. dxe6 $6 Bxe6 28. Bd5 Bxd5+ 29. Rxd5 Ra3 $14) 27... Bf8 (27... Bd7 $16) 28. d7 $18 Rd8 29. dxc8=Q Raxc8 30. Bd5 (30. Qc4 $142 Rxd3 31. Rxd3) 30... Kg7 (30... Kh8 $16 {was called for.}) 31. Bxe6 $1 Rxd3 32. Bxc8 (32. Qxd3 $16 Qxe6 33. Qd7+ Qxd7 34. Rxd7+ Kg8 35. Nc3 (35. Rxb7 Rd8 $16)) 32... Rxd1+ $11 33. Qxd1 Qc6+ 34. Kh2 Qxc8 35. Qd5 Be7 36. Nc3 Qd8 37. e6 b5 {[%cal Bb7b5,Bb5c4,Bc4c3][%mdl 32]} 38. Qxd8 (38. Qb7 {is more complex.} Qd2+ 39. Kh1 Qe1+ 40. Kh2 Qxe6 41. Nd5) 38... Bxd8 {[%mdl 4096] Endgame KB-KN} 39. Nd5 {[#] aiming for e7.} c4 40. bxc4 (40. b4 $1 $11) 40... bxc4 $15 41. Kg2 Ba5 $1 42. g4 $2 {[%mdl 8192]} (42. Ne3 $15) 42... c3 $19 43. Ne3 Bb6 44. Nc2 {[#]} fxg4 $1 45. hxg4 Kf6 46. Kf3 $2 (46. f5 gxf5 47. gxf5) 46... Kxe6 47. Ke4 $2 (47. Nb4) 47... h5 48. f5+ gxf5+ 49. gxf5+ Kf6 50. Nb4 Kg5 51. f6 Bc5 52. Nd3 c2 53. f7 Ba3 54. Kf3 Kf6 55. Ke2 {intending Kd2.} h4 56. Kd2 h3 $2 (56... c1=Q+ $19 57. Nxc1 Kxf7) 57. Kxc2 $11 {The position is equal.} h2 (57... Kxf7 $5 58. Nf2 $8 h2 $11) 58. Nf2 Kf5 {White must now prevent ...Kf4.} 59. Kd2 Kf4 60. Ke2 Kg3 {Threatens to win with ...Kg2.} 61. Kf1 Bc5 (61... Kf3 $5) 62. Nh1+ Kf3 63. Nf2 $1 {Precision: White = 46%, Black = 71%.} 1/2-1/2

[Event "Nacional Masters POR 2017-18"]
[Site "Cascais"]
[Date "2018.08.11"]
[Round "1"]
[White "Guerra, Vitor Manuel Vestia"]
[Black "Dias, Ivo Rodrigues"]
[Result "1/2-1/2"]
[WhiteElo "2127"]
[BlackElo "2164"]
[Annotator "NA"]
[PlyCount "20"]
[EventDate "2018.08.11"]
[EventType "tourn"]
[EventCountry "POR"]
[SourceTitle "playchess.com"]
[Source "ChessBase"]
[SourceQuality "1"]
[TimeControl "5400+30"]

1. d4 {[%emt 0:00:00]} Nf6 {[%emt 0:00:00]} 2. Nf3 {[%emt 0:00:31]} e6 {[%emt 0:00:10]} 3. c4 {[%emt 0:00:40]} d5 {[%emt 0:00:15]} 4. cxd5 {[%emt 0:01:13]} exd5 {[%emt 0:00:09]} 5. Nc3 {[%emt 0:01:23]} c6 {[%emt 0:05:46]} 6. Bg5 {[%emt 0:05:03]} Be6 {[%emt 0:05:44]} 7. e3 {[%emt 0:05:10]} Nbd7 {[%emt 0:00:21]} 8. Bd3 {[%emt 0:00:36]} Bd6 {[%emt 0:00:11]} 9. Qc2 {[%emt 0:00:52]} Qc7 {[%emt 0:01:50]} 10. a3 {[%emt 0:02:14]} a6 {[%emt 0:02:37]} 1/2-1/2

[Event "Nacional Masters POR 2017-18"]
[Site "Cascais"]
[Date "2018.08.11"]
[Round "1"]
[White "Santos, Jose Alves"]
[Black "Martins, David Pires Tavares"]
[Result "0-1"]
[WhiteElo "2118"]
[BlackElo "2397"]
[Annotator "TA"]
[PlyCount "32"]
[EventDate "2018.08.11"]
[EventType "tourn"]
[EventCountry "POR"]
[SourceTitle "playchess.com"]
[Source "ChessBase"]
[SourceQuality "1"]

{[%evp 11,32,-15,-7,-123,-108,-106,-95,-188,-188,-197,-210,-244,-243,-240,-214,-306,-307,-290,-297,-1021,-1018,-1106,-1042]} 1. e4 e6 2. Nc3 d5 3. d4 Nf6 4. Bg5 Bb4 5. e5 h6 6. Be3 Ne4 {LiveBook: 460 Partien} 7. Qd3 $146 {C12: Französische Verteidigung (MacCutcheon-Variante)} (7. Qg4 $11 {hält das Gleichgewicht.}) ({Vorgänger:} 7. a3 Bxc3+ 8. bxc3 Nxc3 9. Qg4 Kf8 10. Bd3 Nc6 11. Nh3 f5 12. exf6 Qxf6 13. Qg3 e5 14. dxe5 Nxe5 {½-½ (68) Vishnu,P (2510)-Volkov,S (2598) Dubai 2018}) 7... c5 $17 {Weiss muss nun ...c4 beachten.} 8. dxc5 Nc6 9. f3 (9. Nge2 $17 {kämpft weiter.}) 9... Nxc5 $19 10. Bxc5 Bxc5 11. f4 Qb6 12. Nf3 Bd7 13. a3 (13. Nd1 $142) 13... Qxb2 14. Rb1 Qxa3 15. Rxb7 $2 (15. Nb5 Qa2 16. c3) 15... Nb4 16. Qd2 {[#]} Be3 $1 {[%mdl 512]} 0-1

[Event "Nacional Masters POR 2017-18"]
[Site "Cascais"]
[Date "2018.08.12"]
[Round "2"]
[White "Martins, David Pires Tavares"]
[Black "Guerra, Vitor Manuel Vestia"]
[Result "1-0"]
[WhiteElo "2397"]
[BlackElo "2127"]
[Annotator "TA"]
[PlyCount "91"]
[EventDate "2018.08.11"]
[EventType "tourn"]
[EventCountry "POR"]
[SourceTitle "playchess.com"]
[Source "ChessBase"]
[SourceQuality "1"]

{[%evp 9,91,8,37,11,20,19,18,-12,-11,-10,-18,-78,0,8,0,0,0,3,73,66,104,18,18,28,41,39,59,62,77,76,147,130,131,66,52,58,94,85,93,86,143,135,166,161,284,290,285,276,345,333,337,223,222,215,210,206,234,224,233,226,266,275,261,197,260,217,220,225,262,65,60,59,227,235,230,233,220,195,445,443,525,431,457,428]} 1. d4 d5 2. c4 e6 3. Nc3 c6 4. e4 dxe4 5. Nxe4 Nf6 {LiveBook: 47 Partien} 6. Nc3 {D31: Damengambit (Halbslawisch)} (6. Nxf6+ Qxf6 7. Nf3 Bb4+ 8. Bd2 Bxd2+ 9. Qxd2 Nd7 10. O-O-O c5 11. d5 O-O 12. dxe6 Qxe6 13. Bd3 Nf6 14. Ng5 Qa6 15. Qc2 g6 16. h4 Qxa2 17. Qc3 Nh5 {1-0 (30) Chatalbashev,B (2553)-Moroni,L (2430) Lugano 2015}) 6... Nbd7 7. Bf4 Bb4 8. Bd3 {Die Stellung ist ausgeglichen.} c5 $146 ({Vorgänger:} 8... O-O 9. Nge2 c5 10. Bd6 Re8 11. a3 Bxc3+ 12. bxc3 cxd4 13. cxd4 {1-0 (37) Borisovsky,V (2113)-Kuptsov,J (1847) Saratov 2010}) 9. a3 Ba5 10. b4 (10. Bc2 $11) 10... cxb4 ({Lieber} 10... cxd4 $17 {...e5 ist eine echte Drohung.} 11. Nb5 e5) 11. axb4 $11 Bxb4 12. Nge2 O-O 13. O-O e5 (13... b6 $11 {bleibt in der Remisbreite.}) 14. dxe5 $16 Nh5 $1 {Und ...Lxc3 würde nun gewinnen.} 15. Be3 (15. Bxh7+ $16 Kxh7 16. Qb1+ Kg8 17. Qxb4) 15... Nxe5 $11 {[#]} 16. Bxh7+ $1 {[%mdl 512]} Kxh7 17. Qb1+ Nd3 18. Nd5 Bf5 19. Nxb4 Nxb4 ({Günstiger ist} 19... Bg6) 20. Qxf5+ $16 g6 21. Qb5 (21. Qf3 $16) 21... Nc2 $1 $14 {[%cal Rc2a1]} 22. Rxa7 Rxa7 23. Bxa7 Qd3 24. Nc1 $36 {[%mdl 2048] Läuft bei Weiss.} ({Nicht} 24. Qxb7 Qxe2 25. Bc5 Rg8 $15) 24... Qe4 (24... Qc3 $142) 25. f3 $16 Qe6 26. Qb3 Ra8 (26... Qa6 {ist wohl besser.}) 27. Bf2 $18 ({Weniger gut wäre} 27. Qxc2 Rxa7 28. Nd3 Qf6 $16) (27. Qxb7 Rc8 $16) 27... Na3 28. Qxb7 Rc8 29. c5 Nc2 30. Qb3 Qxb3 31. Nxb3 Nf4 32. Bg3 Nd3 {[#]} 33. Bd6 $1 Ne3 34. Rb1 Nf5 35. Rd1 Nb2 36. Ra1 Nd3 (36... Nxd6 $142 37. cxd6 Rd8) 37. Kf1 Rd8 38. Ke2 Nb2 39. Bg3 $2 (39. Bf4 $18) 39... Rd3 $14 40. Na5 {Und weiter mit Lf2 wäre nett.} Nd4+ $2 (40... Rc3 $14) 41. Kf1 $18 {zielt auf Le5 ab.} Nd1 42. c6 {[%cal Bc5c6,Bc6c7][%mdl 32]} Ne3+ 43. Kf2 Nd1+ $2 (43... Nec2) 44. Kg1 {Weiß steht klar auf Gewinn.} Ne3 45. Be5 Ne6 46. c7 {Precision: Weiß = 44%, Schwarz = 36%.} 1-0

[Event "Nacional Masters POR 2017-18"]
[Site "Cascais"]
[Date "2018.08.12"]
[Round "2"]
[White "Dias, Paulo"]
[Black "Dias, Ivo Rodrigues"]
[Result "0-1"]
[WhiteElo "2328"]
[BlackElo "2164"]
[Annotator "NA RC"]
[PlyCount "62"]
[EventDate "2018.08.11"]
[EventType "tourn"]
[EventCountry "POR"]
[SourceTitle "playchess.com"]
[Source "ChessBase"]
[SourceQuality "1"]
[TimeControl "5400+30"]

1. d4 {[%emt 0:12:57]} Nf6 {[%emt 0:00:00]} 2. c4 {[%emt 0:00:13]} e6 {[%emt 0:00:00]} 3. Nc3 {[%emt 0:00:34]} d5 {[%emt 0:00:00]} 4. cxd5 {[%emt 0:00:50]} exd5 {[%emt 0:00:05]} 5. Bg5 {[%emt 0:00:15]} Bb4 {[%emt 0:07:11]} 6. e3 {[%emt 0:04:19]} h6 {[%emt 0:09:43]} 7. Bh4 {[%emt 0:01:28]} g5 {[%emt 0:00:35]} 8. Bg3 {[%emt 0:00:08]} Ne4 {[%emt 0:00:06]} 9. Rc1 {[%emt 0:05:10]} c6 {[%emt 0:04:40]} 10. Bd3 {[%emt 0:06:14]} Nxg3 {[%emt 0:00:20]} 11. fxg3 $11 {[%emt 0:04:26]} Qe7 {[%emt 0:07:18]} 12. Qf3 {[%emt 0:00:17]} Be6 {[%emt 0:07:04]} 13. Nge2 {[%emt 0:03:00]} Nd7 {[%emt 0:00:47]} 14. O-O {[%emt 0:01:52]} Bd6 {[%emt 0:10:24]} 15. e4 {[%emt 0:05:56]} dxe4 {[%emt 0:00:48]} 16. Nxe4 {[%emt 0:00:44]} O-O-O {[%emt 0:04:05]} 17. N2c3 {[%emt 0:08:15]} Kb8 {[%emt 0:01:49]} 18. Kh1 {[%emt 0:04:13]} Bc7 {[%emt 0:08:25]} 19. b4 {[%emt 0:04:08]} Qxb4 {[%emt 0:04:15]} 20. Ne2 {[%emt 0:07:18]} Bb6 {[%emt 0:02:36]} 21. Rb1 {[%emt 0:04:22]} Qa3 {[%emt 0:00:36]} 22. Rfc1 {[%emt 0:03:05]} Ne5 {[%emt 0:02:38]} 23. dxe5 {[%emt 0:03:01]} Qxd3 {[%emt 0:01:39]} 24. a4 {[%emt 0:00:53]} Qxf3 {[%emt 0:08:43]} 25. gxf3 {[%emt 0:00:08]} Rd5 {[%emt 0:00:16]} 26. f4 {[%emt 0:02:17]} Bg4 {[%emt 0:01:08]} 27. Ng1 {[%emt 0:01:30]} Bf5 {[%emt 0:02:01]} 28. Rc4 {[%emt 0:01:14]} Rhd8 {[%emt 0:00:30]} 29. Nf3 {[%emt 0:01:23]} Rd4 {[%emt 0:03:55]} 30. Rxd4 {[%emt 0:05:13]} Rxd4 {[%emt 0:00:22]} 31. Ned2 {[%emt 0:02:33]} Rxa4 {[%emt 0:00:45]} 0-1

[Event "Nacional Masters POR 2017-18"]
[Site "Cascais"]
[Date "2018.08.12"]
[Round "2"]
[White "Padeiro, Jose Joao Tato"]
[Black "Fidalgo, Andre Neves"]
[Result "1-0"]
[WhiteElo "2241"]
[BlackElo "2187"]
[Annotator "TA"]
[PlyCount "167"]
[EventDate "2018.08.11"]
[EventType "tourn"]
[EventCountry "POR"]
[SourceTitle "playchess.com"]
[Source "ChessBase"]
[SourceQuality "1"]

{[%evp 13,167,38,44,-9,0,0,10,13,14,7,13,-26,0,0,0,-43,7,13,18,-13,0,0,34,-33,39,-30,-41,-43,65,51,52,66,58,58,79,79,90,91,99,64,76,75,66,58,59,58,70,37,89,100,94,84,91,86,252,237,243,232,455,454,504,524,535,406,400,409,405,399,414,383,365,245,232,8,19,8,8,8,8,8,8,8,14,8,9,8,275,264,454,435,658,640,778,750,254,248,914,753,757,729,685,637,604,582,567,477,1115,780,741,700,1941,1666,1560,1254,1234,1098,1104,1104,1720,755,700,598,29967,29966,29967,29969,29972,29972,29972,0,29968,29969,29971,29973,29977,29979,29979,29977,29977,29972,29969,0,29977,29978,29978,29979,29974,12806,29975,29976,29976,29977,29978,29980,29980,29981]} 1. d4 Nf6 2. c4 c5 3. Nf3 cxd4 4. Nxd4 Nc6 5. g3 e6 6. Bg2 Bb4+ 7. Nc3 Qa5 {LiveBook: 12 Games} 8. Nxc6 {A33: Symmetrical English: 2 Nf3 Nf6 3 d4 cxd4 4 Nxd4 e6 5 Nc3 Nc6} ({White should play} 8. O-O $14) (8. O-O Bxc3 9. bxc3 O-O 10. Qb3 d5 11. Rd1 Bd7 12. cxd5 exd5 13. a4 Rfe8 14. e3 Ne5 15. Qb4 Qa6 16. Nb5 Bg4 17. Rd2 Qc6 18. h3 {½-½ (50) Veingold,A (2492)-Solozhenkin,E (2511) Finland 2008}) 8... Bxc3+ 9. bxc3 dxc6 10. O-O {next Qd6 is good for White.The position is equal.} O-O 11. Qb3 Re8 $146 ({Predecessor:} 11... Qh5 12. f3 e5 13. e4 b6 14. Be3 Be6 15. Qa4 Rfc8 {½-½ (45) Haylaev,A (2155)-Saidov,B (2345) Tashkent 2009}) 12. h3 e5 13. Bg5 Nd7 14. Rfd1 Nf8 15. Qb4 Qc7 16. Rab1 Ne6 {aiming for ...a5.} 17. Bc1 a5 18. Qb2 (18. Qb6 $14) 18... Qe7 (18... f5 $1 $15) 19. Be3 (19. e4 $14) 19... f5 $11 20. Bb6 Nc5 ({Better is} 20... f4 $15) 21. Qa3 $14 Nd7 22. Qxe7 Rxe7 23. Bc7 Kf7 24. e4 g6 25. Bd6 Re6 26. c5 a4 27. Bf1 {Hoping for Bc4.} Re8 28. exf5 gxf5 29. Rb4 Ra5 30. Re1 Kf6 (30... e4 $14) 31. Rh4 $16 Nxc5 32. Bc7 Ra8 33. f4 $36 {[%cal Rc7e5][%mdl 2048] White has strong initiative.} Ne4 $2 (33... e4 $16) 34. Bxe5+ $18 Kg6 35. g4 h6 $2 (35... Ra5 {is a better defense.} 36. Bd3 Ng5) 36. Bd3 Nd6 37. Kf2 Ne4+ 38. Bxe4 fxe4 39. Rxe4 Ra5 40. Rd4 Rd5 41. Rxd5 cxd5 {[%mdl 4096] Endgame KRB-KRB} 42. Ke3 Be6 43. f5+ $2 (43. Rh5 $18 Bf7 44. Kd4) 43... Bxf5 $1 $11 44. gxf5+ Kg5 45. Rxa4 {Kd4 is the strong threat.} Rxe5+ {KR-KR} 46. Kd3 Kxf5 47. Rb4 Re7 48. Kd4 Rc7 49. Rb5 Kf4 $2 {[%mdl 8192]} (49... Kg5 $1 $11) 50. Rxd5 $18 Kg3 $2 (50... Re7 51. Kc4 Rc7+ 52. Kb4 Rf7) 51. Rh5 Rc6 {[#]} (51... Re7 $142 52. Rxh6 Re2) 52. a4 $1 {[%cal Ba2a4,Ba4a5][%mdl 32]} Rd6+ 53. Kc4 Rc6+ 54. Kb5 Rg6 $2 (54... Rxc3 55. Rxh6 Rc7) 55. Kb4 Kf4 56. a5 Ke4 57. c4 Rf6 58. Rb5 Rf7 59. Rb6 Rh7 (59... h5 $142 60. Rh6 Rf5) 60. a6 bxa6 61. Rxa6 Kd4 62. Rd6+ Ke5 63. c5 h5 64. Rd1 Rb7+ 65. Kc4 h4 66. Rd5+ (66. Re1+ $142 Kf6 67. c6) 66... Ke6 67. Rh5 Ra7 {Now ...Ra3 and Black clings on.} 68. Kb5 Rb7+ {[#]} 69. Kc6 $1 Rb4 70. Kc7 Rb5 71. Kc6 Rb4 72. Rh6+ Ke5 73. Kc7 Kd5 74. c6 Rf4 75. Rh5+ Ke6 76. Rh8 Kd5 77. Rh5+ Ke6 78. Kb6 Rb4+ 79. Rb5 Rc4 80. Rb3 (80. Rb2 $142 Rc3 81. c7 Kd6 82. Rd2+ Ke5 83. Rd8 Ke4 84. c8=Q Rxc8 85. Rxc8) 80... Kd6 81. Rd3+ {White mates.} Ke7 82. c7 Rc1 83. Rd8 Rb1+ 84. Ka5 {Precision: White = 62%, Black = 33%.} 1-0